| 000 | 01829nam a2200325 a 4500 | ||
|---|---|---|---|
| 001 | BRCA_2422 | ||
| 005 | 20190320203812.0 | ||
| 008 | 131108s1771----sp-a---###---#000-0dspa-u | ||
| 041 | _aspa | ||
| 044 | _asp | ||
| 084 |
_a063 _b.I23 _c1771 |
||
| 100 | 1 |
_aCervantes Saavedra, Miguel de _d1547-1616 _9213 |
|
| 245 | 1 | 0 |
_aVida y hechos del Ingenioso Caballero Don Quixote de la Mancha _ccompuesto por Miguel de Cervantes Saavedra. |
| 260 |
_aMadrid _bJoachin de Ibarra _c1771 |
||
| 300 |
_a4 v. _bil. _c18 cm. |
||
| 500 | _aContenido : v 1. Primera parte. Dedicatoria de Cide Hamete Benengeli a D. Quijote. Versos preliminares. Prólogo del autor. Vida de Cervantes por G. Mayánes. Texto. -- v 2. Texto. -- v 3. Segunda parte. Composiciones poéticas atribuidas a Diego Torres Villaroel. Aprobación. Prólogo del autor. Texto. -- v 4. Texto | ||
| 500 | _aEdición : Nueva edición corregida e ilustrada con varias láminas finas y la vida del autor | ||
| 500 | _aHermosa edición, más perfecta por lo que concierne a la parte tipografica que a la literaria, en la cuál se introdujeron las censurables adiciones de la edición de 1730. Las láminas de mediana calidad están dibujadas por J. Camarón y grbadas por M. Monfort. Piel; nervios dorados Lúdovik Osterc | ||
| 500 | _aCon ex-libris de: Sir Windham Dalling | ||
| 500 | _aQM51 | ||
| 650 | 1 | 4 |
_aNovela española _yÉpoca clásica, 1500-1700 _9215 |
| 650 | 1 | 4 |
_aLiteratura española _yÉpoca clásica, 1500-1700 _9216 |
| 650 | 1 | 4 |
_aNovela española _ySiglo XVII _9217 |
| 650 | 1 | 4 |
_aDon Quijote (Personaje ficticio) _eNovela _9218 |
| 700 | 1 |
_aMayáns I Síscar, Gregorio _d1699-1781 _eBiógrafo _97104 |
|
| 700 | 1 |
_aCamarón Boronat, José _d1730-1803 _eIlustrador _97105 |
|
| 740 | 0 | _aEl Ingenioso Hidalgo Don Quijote de la Mancha | |
| 902 | _aQFM | ||
| 942 |
_2lcc _cB |
||
| 999 |
_c2163 _d2163 |
||